| 000 | 00405nam a2200169Ia 4500 | ||
|---|---|---|---|
| 008 | 230524s9999 xx 000 0 und d | ||
| 020 | _a8121923876 | ||
| 082 |
_a621.381 _bSED |
||
| 100 | _aR.S.Sedha | ||
| 245 | 2 | _aA Text Book of Digital Electronics | |
| 250 | _a1ST | ||
| 260 |
_aNEW DELHI _bS.Chand _c2004 |
||
| 300 | _aVII;494 | ||
| 500 | _aQuantity Number: 2 | ||
| 650 | _aElectronics | ||
| 942 | _cBK | ||
| 999 |
_c787 _d787 |
||